German things with the letter c - Statistics

General Stats
  • This quiz has been taken 14 times
  • The average score is 8 of 16
Answer Stats
Picture Hint Answer % Correct
Tradition Christmas tree
80%
Musical instrument Clarinet
80%
City Cologne
80%
Food Currywurst
80%
City Chemnitz
60%
Event Christmas market
60%
Model Claudia Schiffer
60%
Invention Coffee filter
60%
Invention Carabiner
50%
Event Carneval
50%
Bavarian Lake Chiemsee
50%
Invention Contact lenses
50%
Car model (VW) Caddy
30%
Mathematician Carl Friedrich Gauß
30%
City Cottbus
20%
Type of cheese Cambozola
0%
No matching quizzes found
Score Distribution
Percent of People with Each Score
Percentile by Number Answered
Your Score History
You have not taken this quiz